000
00289nam a22001337a 4500
008
181019b xxu||||| |||| 00| 0 eng d
020
_a
0471825352
041
_a
eng
080
_2
8 ED
_a
591
100
_a
7
101
_a
Zoo
245
_a
Beef Caatle
_c
Neumann.A.L
942
_2
udc
_c
BK
999
_c
50204
_d
50204